Statistics for Name a Valid NHL Team

Click here to take the quiz!

General Stats

  • This quiz has been taken 67 times
  • The average score is 11 of 12

Answer Stats

HintAnswer% Correct
Teams founded after 1999Blue Jackets, Wild, Golden Knights, Kraken
100%
Teams with a color in their nameBlues, Blue Jackets, Red Wings, Blackhawks, Golden Knights
100%
Teams with 10+ CupsCanadiens, Maple Leafs, Red Wings
100%
Teams with green in their primary logoCoyotes, Blackhawks, Wild, Stars,
100%
Teams that were formally in the WHAHurricanes, Avalanche, Oilers, Coyotes
100%
American Teams that play in a state without an MLB TeamHurricanes, Predators, Golden Knights, Devils
100%
Teams with orange in their primary logoIslanders, Flyers, Blackhawks, Oilers, Ducks, Coyotes
100%
Teams with Back to Back CupsIslanders, Flyers, Lightning, Canadiens, Maple Leafs, Penguins, Red Wings, Oilers
100%
Non Original 6 Teams with 3 or more CupsIslanders, Penguins, Devils, Oilers, Lightning
100%
Teams that play in New York StateIslanders, Rangers, Sabres
100%
Teams founded after 1990 that has won a cupLightning, Ducks
100%
Original 6 TeamsMaple Leafs, Canadiens, Red Wings, Blackhawks, Bruins, Rangers
100%
Canadian TeamsMaple Leafs, Canadiens, Senators, Canucks, Oilers, Flames, Jets
100%
Teams that play in a national capitalSenators, Capitals
100%
Canadian Teams without a CupSenators, Jets, Canucks,
100%
Teams with stars in their primary logoStars, Capitals, Wild, Blue Jackets
100%
4 Letter Team NamesWild, Jets
100%
Teams that names don't end in "S"Wild, Kraken, Avalanche, Lightning
100%
California TeamsSharks, Ducks, Kings
92%
Teams whose AHL team play in New EnglandIslanders, Rangers, Bruins
91%
Teams whose AHL team has the same nameIslanders, Bruins, Stars, Senators, Wild, Canucks,
86%
Teams that used to play in AtlantaFlames, Jets
80%
Teams that have never played an outside gameHurricanes, Coyotes, Kraken, Panthers, Blue Jackets
80%
That has come back from a 3-0 playoff series deficitIslanders, Maple Leafs, Kings, Flyers
80%

Score Distribution

Percentile by Number Answered

Percent of People with Each Score

Your Score History

You have not taken this quiz